Countries with no Armed Forces - Statistics

General Stats
  • This quiz has been taken 50 times
    11 since last reset
  • The average score is 10 of 15
Answer Stats
Answer % Correct
Andorra
88%
Costa Rica
88%
Liechtenstein
88%
Grenada
75%
Micronesia
75%
Kiribati
63%
Marshall Islands
63%
Nauru
63%
Palau
63%
Saint Lucia
63%
Saint Vincent and the Grenadines
63%
Solomon Islands
50%
Tuvalu
50%
Vatican City
50%
Samoa
38%
No matching quizzes found
Score Distribution
Percent of People with Each Score
Percentile by Number Answered
Your Score History
You have not taken this quiz since the last reset